[Event "Schleswig Holstein-ch U18 VM"]
[Site "Neumuenster"]
[Date "2008.03.27"]
[Round "6"]
[White "Ohlsen, Merle"]
[Black "Schoenke, Marc"]
[Result "0-1"]
[WhiteElo "836"]
[BlackElo "757"]
[PlyCount "68"]
[EventDate "2008.03.24"]
[EventType "swiss"]
[EventRounds "9"]
[EventCountry "GER"]
[SourceTitle "EXT 2009"]
[Source "ChessBase"]
[SourceDate "2008.11.26"]
[SourceVersion "1"]
[SourceVersionDate "2008.11.26"]
[SourceQuality "1"]

1. e4 e5 2. Nf3 Nc6 3. Bc4 Nf6 4. Ng5 Qe7 5. Bxf7+ Kd8 6. 0-0 h6 7. c3 Nxe4 8. d4 hxg5 9. Bd5 Nd6 10. Qg4 Nf7 11. Qf5 Ke8 12. Nd2 d6 13. Qg6 Rh6 14. Qe4 Be6 15. Bc4 Rh4 16. Qd3 e4 17. Qc2 Bxc4 18. Nxc4 d5 19. Ne3 Nd6 20. Qb3 Qf7 21. g3 Rh6 22. Ng4 Rh5 23. Qa4 Qe6 24. Ne5 b5 25. Qa6 Nxe5 26. dxe5 Qxe5 27. Qc6+ Kf7 28. Qxa8 Qe6 29. Qxa7 Qh3 30. Qxc7+ Be7 31. Re1 Qxh2+ 32. Kf1 Qh1+ 33. Ke2 Qf3+ 34. Kd2 Qd3# 0-1

[Event "Schleswig Holstein-ch U18 VM"]
[Site "Neumuenster"]
[Date "2008.03.25"]
[Round "2"]
[White "Peters, Henning"]
[Black "Ohlsen, Merle"]
[Result "1-0"]
[WhiteElo "1584"]
[BlackElo "836"]
[PlyCount "97"]
[EventDate "2008.03.24"]
[EventType "swiss"]
[EventRounds "9"]
[EventCountry "GER"]
[SourceTitle "EXT 2009"]
[Source "ChessBase"]
[SourceDate "2008.11.26"]
[SourceVersion "1"]
[SourceVersionDate "2008.11.26"]
[SourceQuality "1"]

1. e4 e5 2. Nf3 Nc6 3. d4 exd4 4. Nxd4 Bc5 5. Be3 Ne5 6. Nc3 Nf6 7. Be2 0-0 8. f4 Bxd4 9. Bxd4 Nc6 10. e5 Ne4 11. Nxe4 d6 12. exd6 cxd6 13. Qd3 Bf5 14. g4 Nb4 15. Nf6+ Qxf6 16. Bxf6 Bxd3 17. Bxd3 Rae8+ 18. Kd2 Nd5 19. Bd4 Nxf4 20. Bxa7 Re7 21. Rae1 Rc7 22. Re4 Ng2 23. h4 Rfc8 24. Rh2 d5 25. Rb4 b5 26. Bg1 Ne1 27. Kxe1 Re8+ 28. Re2 Rxe2+ 29. Kxe2 Re7+ 30. Kd2 g6 31. Rxb5 Re8 32. Rxd5 f6 33. Rd7 g5 34. hxg5 fxg5 35. Bc4+ Kf8 36. Rf7+ Kg8 37. Rf5+ Kg7 38. Bd4+ Kg6 39. Bf7+ Kh6 40. Rf6+ Kg7 41. Bxe8 h5 42. gxh5 g4 43. h6+ Kh7 44. Ra6 g3 45. Bg7 g2 46. Bg6+ Kg8 47. Ke2 g1N+ 48. Ke3 Nf3 49. Ra8# 1-0